[Event "Pardubice Region-chT 2223"]
[Site "Czech Republic"]
[Date "2023.02.12"]
[Round "8.3"]
[White "Moravec, Jakub"]
[Black "Cernovsky, Jiri"]
[Result "0-1"]
[WhiteElo "1673"]
[BlackElo "2037"]
[PlyCount "70"]
[EventDate "2022.10.09"]
[EventType "team-tourn"]
[EventRounds "11"]
[EventCountry "CZE"]
[SourceTitle "EXT 2024"]
[Source "ChessBase"]
[SourceDate "2023.10.10"]
[SourceVersion "1"]
[SourceVersionDate "2023.10.10"]
[SourceQuality "1"]

1. e4 c6 2. d4 d5 3. Nc3 dxe4 4. Nxe4 Bf5 5. Ng3 Bg6 6. h4 h6 7. Nf3 Nd7 8. h5 Bh7 9. Bd3 Bxd3 10. Qxd3 Qc7 11. Bd2 Ngf6 12. 0-0-0 e6 13. Ne4 0-0-0 14. Nxf6 Nxf6 15. Qe2 Be7 16. c4 Rhf8 17. Kb1 Ne8 18. Rhe1 Bf6 19. Be3 Qa5 20. Ne5 Nd6 21. Bd2 Qc7 22. Bb4 Rfe8 23. Bxd6 Rxd6 24. Qg4 Red8 25. c5 Rd5 26. b3 Bxe5 27. Rxe5 Rxe5 28. dxe5 Rxd1+ 29. Qxd1 Qxe5 30. Qf3 Qxc5 31. Qxf7 Qf5+ 32. Qxf5 exf5 33. Kc2 Kd7 34. Kd3 Kd6 35. Kd4 b6 0-1

[Event "CZE-chT2C 2223"]
[Site "Czech Republic"]
[Date "2022.11.20"]
[Round "3.7"]
[White "Cernovsky, Jiri"]
[Black "Marek, Miroslav"]
[Result "0-1"]
[WhiteElo "2037"]
[BlackElo "2101"]
[PlyCount "76"]
[EventDate "2022.10.16"]
[EventType "team-tourn"]
[EventRounds "11"]
[EventCountry "CZE"]
[SourceTitle "EXT 2024"]
[Source "ChessBase"]
[SourceDate "2023.10.10"]
[SourceVersion "1"]
[SourceVersionDate "2023.10.10"]
[SourceQuality "1"]
[WhiteTeam "Kutna Hora"]
[BlackTeam "Kolin"]
[WhiteTeamCountry "CZE"]
[BlackTeamCountry "CZE"]

1. e4 c5 2. Nf3 e6 3. d4 cxd4 4. Nxd4 Nf6 5. Bd3 Nc6 6. c3 d5 7. exd5 Nxd5 8. Nxc6 bxc6 9. 0-0 Bd6 10. Qf3 Qf6 11. Qe4 Bb7 12. g3 Rb8 13. Nd2 Nb6 14. Qg2 0-0 15. Qh3 h6 16. Ne4 Qe7 17. Be3 c5 18. Rad1 Bxe4 19. Bxe4 Nc4 20. b3 Nxe3 21. fxe3 c4 22. bxc4 Rb2 23. Rd3 Rxa2 24. Rfd1 Bc5 25. Qh5 Qg5 26. Qf3 a5 27. Rf1 a4 28. h4 Qe7 29. Bc6 a3 30. Qh5 f5 31. Bd7 Rb2 32. g4 a2 33. gxf5 Rb1 34. Rdd1 Rxf5 35. Rxf5 exf5 36. Bxf5 Qxe3+ 37. Kh1 Rxd1+ 38. Qxd1 Qg1+ 0-1

[Event "Pardubice Region-chT 2223"]
[Site "Czech Republic"]
[Date "2022.10.30"]
[Round "2.2"]
[White "Cernovsky, Jiri"]
[Black "Prax, Ivo"]
[Result "1/2-1/2"]
[WhiteElo "2037"]
[BlackElo "1998"]
[PlyCount "79"]
[EventDate "2022.10.09"]
[EventType "team-tourn"]
[EventRounds "11"]
[EventCountry "CZE"]
[SourceTitle "EXT 2024"]
[Source "ChessBase"]
[SourceDate "2023.10.10"]
[SourceVersion "1"]
[SourceVersionDate "2023.10.10"]
[SourceQuality "1"]

1. e4 c5 2. Nf3 a6 3. d4 cxd4 4. Nxd4 Nf6 5. Bd3 Nc6 6. Nxc6 dxc6 7. 0-0 e5 8. Nd2 Qc7 9. h3 Be7 10. Nc4 b5 11. Ne3 0-0 12. Nf5 Bxf5 13. exf5 e4 14. Be2 Rad8 15. Qe1 Rfe8 16. c4 Qe5 17. a4 b4 18. a5 Bc5 19. Kh1 Bd6 20. g3 Qxf5 21. Kg2 c5 22. Be3 Qe5 23. b3 Qe7 24. Qc1 Nd7 25. Rd1 Nf6 26. Ra2 Bc7 27. Rad2 Rxd2 28. Rxd2 Rd8 29. Bg5 h6 30. Bxf6 Qxf6 31. Rd5 Rxd5 32. cxd5 Qc3 33. Qd1 Qd4 34. Qxd4 cxd4 35. Bxa6 Kf8 36. g4 Bxa5 37. f3 e3 38. f4 Ke7 39. Kf3 Kd6 40. Ke4 1/2-1/2

[Event "CZE-chT2C 2122"]
[Site "Czech Republic"]
[Date "2022.02.27"]
[Round "9.3"]
[White "Hlavina, Matous"]
[Black "Cernovsky, Jiri"]
[Result "0-1"]
[WhiteElo "2126"]
[BlackElo "2085"]
[PlyCount "124"]
[EventDate "2021.10.17"]
[EventType "team-tourn"]
[EventRounds "11"]
[EventCountry "CZE"]
[SourceTitle "EXT 2025"]
[Source "ChessBase"]
[SourceDate "2024.10.14"]
[SourceVersion "1"]
[SourceVersionDate "2024.10.14"]
[SourceQuality "1"]
[WhiteTeam "Ricany Betsys II"]
[BlackTeam "Kutna Hora Sparta"]
[WhiteTeamCountry "CZE"]
[BlackTeamCountry "CZE"]

1. e4 c6 2. d4 d5 3. exd5 cxd5 4. Bd3 Nf6 5. c3 g6 6. Bf4 Bg7 7. Nf3 0-0 8. 0-0 Bf5 9. Bxf5 gxf5 10. Qb3 Qc8 11. Nbd2 Nc6 12. h3 e6 13. Ne1 b6 14. Ndf3 Qa6 15. Qd1 Rfe8 16. Nd3 Ne7 17. Re1 Ng6 18. Bh2 Qb7 19. a4 Rac8 20. Nfe5 Bf8 21. h4 Nxh4 22. Re3 Qe7 23. Rh3 Ng6 24. Qe2 Ne4 25. Re1 f6 26. Nxg6 hxg6 27. Re3 Bh6 28. Bf4 g5 29. Rh3 Kg7 30. Bc1 Qf7 31. f3 Nd6 32. Kf2 a5 33. Ne5 Qe7 34. Nd3 Qf7 35. Bd2 Rh8 36. Qxe6 Ne4+ 37. Rxe4 fxe4 38. Qxf7+ Kxf7 39. Ne1 f5 40. g3 Rce8 41. fxe4 dxe4 42. Ng2 Kg6 43. d5 Bg7 44. Rxh8 Rxh8 45. Be3 Rd8 46. c4 Bxb2 47. Bxb6 Rc8 48. d6 Rxc4 49. Ne3 Bd4 50. Bxa5 f4 51. gxf4 gxf4 52. d7 fxe3+ 53. Ke2 Bf6 54. d8Q Bxd8 55. Bxd8 Rxa4 56. Kxe3 Kf5 57. Be7 Ra7 58. Bc5 Rd7 59. Ke2 Rd3 60. Be3 Ke5 61. Bc1 Rb3 62. Be3 Rb2+ 0-1

[Event "CZE-chT2C 2122"]
[Site "Czech Republic"]
[Date "2022.02.13"]
[Round "8.7"]
[White "Cernovsky, Jiri"]
[Black "Hadzala, Daniel"]
[Result "1-0"]
[WhiteElo "2085"]
[BlackElo "2014"]
[PlyCount "77"]
[EventDate "2021.10.17"]
[EventType "team-tourn"]
[EventRounds "11"]
[EventCountry "CZE"]
[SourceTitle "EXT 2025"]
[Source "ChessBase"]
[SourceDate "2024.10.14"]
[SourceVersion "1"]
[SourceVersionDate "2024.10.14"]
[SourceQuality "1"]
[WhiteTeam "Kutna Hora Sparta"]
[BlackTeam "Neratovice II"]
[WhiteTeamCountry "CZE"]
[BlackTeamCountry "CZE"]

1. e4 e6 2. Nc3 d5 3. Nf3 Nf6 4. d3 Be7 5. Be2 c5 6. 0-0 0-0 7. exd5 exd5 8. d4 b6 9. Ne5 Bb7 10. Bf3 a6 11. Ne2 c4 12. Nxc4 Ne4 13. Ne5 Nd7 14. Nxd7 Qxd7 15. Ng3 Rac8 16. Bf4 Rfe8 17. Bg4 Qc6 18. Bxc8 Rxc8 19. c3 Qg6 20. f3 Nd6 21. Re1 Bf8 22. Nf1 Nc4 23. Re2 b5 24. Ne3 Qf6 25. Bg3 h5 26. Qe1 g5 27. h4 gxh4 28. Bxh4 Qg6 29. Qg3 Bh6 30. Nf5 Bf8 31. Qxg6+ fxg6 32. Ne7+ Bxe7 33. Bxe7 Kf7 34. Bc5 Bc6 35. Rae1 g5 36. b3 Na5 37. Re7+ Kg6 38. R1e6+ Kf5 39. Re5+ 1-0

[Event "CZE-chT2D 1819"]
[Site "Czech Republic"]
[Date "2019.01.27"]
[Round "7.5"]
[White "Hlavacek, Robert"]
[Black "Cernovsky, Jiri"]
[Result "1/2-1/2"]
[WhiteElo "2134"]
[BlackElo "2108"]
[PlyCount "51"]
[EventDate "2018.10.14"]
[EventType "team-tourn"]
[EventRounds "11"]
[EventCountry "CZE"]
[SourceTitle "EXT 2022"]
[Source "ChessBase"]
[SourceDate "2021.10.06"]
[SourceVersion "1"]
[SourceVersionDate "2021.10.06"]
[SourceQuality "1"]
[WhiteTeam "Chrudim"]
[BlackTeam "Kutna Hora"]
[WhiteTeamCountry "CZE"]
[BlackTeamCountry "CZE"]

1. d4 d5 2. Nf3 Nf6 3. c4 dxc4 4. Nc3 c6 5. a4 Bf5 6. e3 e6 7. Bxc4 Be7 8. 0-0 0-0 9. Qe2 Nbd7 10. h3 h6 11. e4 Bh7 12. Rd1 Qc7 13. e5 Nd5 14. Bd3 Nxc3 15. Bxh7+ Kxh7 16. bxc3 f5 17. Qc4 Nb6 18. Qb3 Qd7 19. c4 Rab8 20. Bb2 Rfd8 21. Rd2 Bf8 22. a5 Nc8 23. Ba3 b5 24. Bxf8 Rxf8 25. cxb5 Rxb5 26. Qc4 1/2-1/2

[Event "CZE-chT2D 1819"]
[Site "Czech Republic"]
[Date "2018.11.04"]
[Round "2.3"]
[White "Holemar, David"]
[Black "Cernovsky, Jiri"]
[Result "1/2-1/2"]
[WhiteElo "2304"]
[BlackElo "2108"]
[PlyCount "72"]
[EventDate "2018.10.14"]
[EventType "team-tourn"]
[EventRounds "11"]
[EventCountry "CZE"]
[SourceTitle "EXT 2022"]
[Source "ChessBase"]
[SourceDate "2021.10.06"]
[SourceVersion "1"]
[SourceVersionDate "2021.10.06"]
[SourceQuality "1"]
[WhiteTeam "Brno Moravska Slavia II"]
[BlackTeam "Kutna Hora"]
[WhiteTeamCountry "CZE"]
[BlackTeamCountry "CZE"]

1. d4 d5 2. c4 c6 3. Nf3 Nf6 4. e3 Bf5 5. Nc3 e6 6. Bd3 Bxd3 7. Qxd3 Nbd7 8. 0-0 Bd6 9. e4 dxe4 10. Nxe4 Nxe4 11. Qxe4 0-0 12. Bg5 Be7 13. Bf4 Qa5 14. Rfd1 Rad8 15. h3 Rfe8 16. a3 Bf6 17. b4 Qa4 18. Bc7 Rc8 19. Bd6 Red8 20. c5 Nb6 21. Ne5 Nd5 22. Re1 Re8 23. Qf3 Qc2 24. Kf1 Bxe5 25. dxe5 Qf5 26. Qxf5 exf5 27. Re2 Re6 28. Rb2 a6 29. a4 Ra8 30. Rc1 f6 31. exf6 Nxf6 32. b5 cxb5 33. axb5 Rc8 34. bxa6 bxa6 35. Rb8 Rxb8 36. Bxb8 Rc6 1/2-1/2

[Event "CZE-chT2C 1718"]
[Site "Czech Republic"]
[Date "2018.01.28"]
[Round "7.3"]
[White "Cernovsky, Jiri"]
[Black "Sindler, Michal"]
[Result "1-0"]
[WhiteElo "2112"]
[BlackElo "2213"]
[PlyCount "107"]
[EventDate "2017.10.15"]
[EventType "team-tourn"]
[EventRounds "11"]
[EventCountry "CZE"]
[SourceTitle "EXT 2022"]
[Source "ChessBase"]
[SourceDate "2021.10.06"]
[SourceVersion "1"]
[SourceVersionDate "2021.10.06"]
[SourceQuality "1"]
[WhiteTeam "Kutna Hora"]
[BlackTeam "Ricany"]
[WhiteTeamCountry "CZE"]
[BlackTeamCountry "CZE"]

1. e4 c5 2. Nf3 e6 3. g3 Nc6 4. Bg2 Nf6 5. Nc3 d6 6. 0-0 Be7 7. d4 cxd4 8. Nxd4 Bd7 9. Kh1 0-0 10. Nce2 Rc8 11. c4 Nxd4 12. Qxd4 b5 13. cxb5 Bxb5 14. Re1 Rc4 15. Qxa7 Nxe4 16. Be3 f5 17. Nf4 Qd7 18. b3 Rc7 19. Qa5 Rb7 20. Rac1 g5 21. Ne2 e5 22. f3 Nc5 23. Bxc5 dxc5 24. Red1 Qc7 25. Qxc7 Rxc7 26. Nc3 Bc6 27. Nd5 Bxd5 28. Rxd5 Ra7 29. Rxe5 f4 30. Rc2 Rd8 31. Bf1 Rd1 32. Kg2 Rad7 33. Bc4+ Kg7 34. Rce2 Bf6 35. Rxc5 fxg3 36. hxg3 R7d2 37. a4 Rxe2+ 38. Bxe2 Rd2 39. Kf1 Rb2 40. Bc4 Bd4 41. Rxg5+ Kf6 42. Rg8 Rf2+ 43. Ke1 Rg2 44. g4 Ke5 45. Re8+ Kf6 46. Be2 Kg5 47. Kd2 Rg1 48. Kd3 Bf2 49. Ke4 Rb1 50. Re5+ Kg6 51. Rb5 Re1 52. Kd3 Rc1 53. Kd2 Rb1 54. Bd3+ 1-0

[Event "CZE-chT2C 1617"]
[Site "Czech Republic"]
[Date "2016.10.30"]
[Round "2.5"]
[White "Stinka, Jakub"]
[Black "Cernovsky, Jiri"]
[Result "1-0"]
[WhiteElo "1967"]
[BlackElo "2106"]
[PlyCount "143"]
[EventDate "2016.10.09"]
[EventType "team-tourn"]
[EventRounds "11"]
[EventCountry "CZE"]
[SourceTitle "EXT 2022"]
[Source "ChessBase"]
[SourceDate "2021.10.06"]
[SourceVersion "1"]
[SourceVersionDate "2021.10.06"]
[SourceQuality "1"]
[WhiteTeam "Pisek"]
[BlackTeam "Kutna Hora"]
[WhiteTeamCountry "CZE"]
[BlackTeamCountry "CZE"]

1. e4 c6 2. d4 g6 3. Nf3 Bg7 4. Bd3 d6 5. 0-0 Bg4 6. c3 Nf6 7. h3 Bxf3 8. Qxf3 Nbd7 9. Be3 0-0 10. Nd2 Qc7 11. Qe2 e5 12. f4 Nh5 13. Qf3 Nxf4 14. Bxf4 exf4 15. Qxf4 Rad8 16. Nf3 f6 17. h4 Qb6 18. Rf2 Rfe8 19. h5 Nf8 20. g4 Ne6 21. Qe3 g5 22. Raf1 Nf4 23. Kh2 Qc7 24. Bc2 d5 25. e5 fxe5 26. Nxg5 exd4 27. Bxh7+ Kh8 28. Qxf4 Be5 29. Nf7+ Kxh7 30. Nxe5 Qxe5 31. Qxe5 Rxe5 32. cxd4 Re4 33. Rf4 Re2+ 34. R1f2 Rde8 35. Kg3 R8e3+ 36. R4f3 Rxf3+ 37. Kxf3 Re4 38. Re2 Rxd4 39. Re7+ Kh6 40. Rxb7 Rd1 41. Rxa7 Rf1+ 42. Ke2 Rf4 43. Ra6 Rxg4 44. Rxc6+ Kxh5 45. Kd3 Rg3+ 46. Kd4 Rg2 47. Rb6 Rd2+ 48. Kc3 Rd1 49. Rd6 Kg5 50. b4 Kf5 51. a4 Ke5 52. Rd8 Rc1+ 53. Kb2 Rc4 54. Kb3 Kd4 55. b5 Rc1 56. Kb4 Rb1+ 57. Ka5 Kc4 58. Rc8+ Kb3 59. b6 Ra1 60. Kb5 Rxa4 61. Rc3+ Kxc3 62. Kxa4 d4 63. b7 d3 64. b8Q d2 65. Qe5+ Kc2 66. Qe2 Kc1 67. Qc4+ Kb2 68. Qd3 Kc1 69. Qc3+ Kd1 70. Kb3 Ke2 71. Qc2 Ke1 72. Qe4+ 1-0

[Event "CZE-chT2C 1516"]
[Site "Czech Republic"]
[Date "2015.10.18"]
[Round "1.6"]
[White "Salac, Jiri"]
[Black "Cernovsky, Jiri"]
[Result "1/2-1/2"]
[WhiteElo "2098"]
[BlackElo "2073"]
[PlyCount "83"]
[EventDate "2015.10.18"]
[EventType "team-tourn"]
[EventRounds "11"]
[EventCountry "CZE"]
[SourceTitle "EXT 2022"]
[Source "ChessBase"]
[SourceDate "2021.10.06"]
[SourceVersion "1"]
[SourceVersionDate "2021.10.06"]
[SourceQuality "1"]
[WhiteTeam "Pankrac II"]
[BlackTeam "Kutna Hora"]
[WhiteTeamCountry "CZE"]
[BlackTeamCountry "CZE"]

1. d4 d5 2. Bf4 c6 3. c3 Bf5 4. Qb3 Qb6 5. Nd2 e6 6. Ngf3 Nd7 7. e3 Be7 8. Be2 Ngf6 9. h3 0-0 10. Nh4 Ne4 11. Nxf5 exf5 12. Nxe4 fxe4 13. 0-0 Rad8 14. c4 dxc4 15. Bxc4 Qxb3 16. Bxb3 Nf6 17. f3 exf3 18. Rxf3 Nd5 19. Be5 f6 20. Bc7 Rd7 21. e4 Rxc7 22. exd5 cxd5 23. Bxd5+ Kh8 24. Be6 Rc2 25. Rf2 Rc6 26. Re2 Bd6 27. Kf2 g6 28. Rd1 Rd8 29. Rd3 Bc5 30. Bb3 Rxd4 31. Rxd4 Bxd4+ 32. Kf3 Rc7 33. Bd5 Kg7 34. Rd2 Be5 35. b3 f5 36. Bc4 Kf6 37. Rd5 Re7 38. g3 g5 39. g4 f4 40. Rd8 Bc7 41. Rf8+ Ke5 42. Rf7 1/2-1/2

[Event "CZE-chT2C 1314"]
[Site "Czech Republic"]
[Date "2013.11.17"]
[Round "2.6"]
[White "Pospech, Radim"]
[Black "Cernovsky, Jiri"]
[Result "1/2-1/2"]
[WhiteElo "2030"]
[BlackElo "2078"]
[PlyCount "82"]
[EventDate "2013.11.03"]
[EventType "team-tourn"]
[EventRounds "11"]
[EventCountry "CZE"]
[SourceTitle "EXT 2015"]
[Source "ChessBase"]
[SourceDate "2014.11.20"]
[SourceVersion "1"]
[SourceVersionDate "2014.11.20"]
[SourceQuality "1"]
[WhiteTeam "Praha Dukla"]
[BlackTeam "Kutna Hora"]
[WhiteTeamCountry "CZE"]
[BlackTeamCountry "CZE"]

1. d4 d5 2. Nf3 c6 3. c4 dxc4 4. a4 Bf5 5. Nc3 Nf6 6. e3 e6 7. Bxc4 Bd6 8. Qe2 Ne4 9. 0-0 0-0 10. Rd1 Qf6 11. Nxe4 Bxe4 12. Nd2 Bc2 13. Re1 Bg6 14. Nb3 e5 15. e4 Qe7 16. d5 cxd5 17. Bxd5 Nc6 18. Bd2 Rac8 19. Bc3 Kh8 20. Rad1 Nb4 21. f3 f6 22. Qd2 Rfd8 23. Nc1 Nxd5 24. exd5 Qc7 25. Ne2 Bf7 26. Ng3 Bc5+ 27. Kh1 Rxd5 28. Qc2 Bd4 29. Ne4 Qd7 30. Rc1 Bxc3 31. bxc3 Bg6 32. Qb3 Bxe4 33. fxe4 Rd2 34. h3 h6 35. Re3 Rd8 36. Rce1 Rd1 37. Kh2 Rxe1 38. Rxe1 Qd2 39. Rb1 b6 40. Qb4 Qf4+ 41. Kh1 Rd2 1/2-1/2

[Event "CZE-chT2C 1213"]
[Site "Czech Republic"]
[Date "2013.03.24"]
[Round "11.3"]
[White "Cernovsky, Jiri"]
[Black "Vitak, Pavel"]
[Result "0-1"]
[WhiteElo "2144"]
[BlackElo "2191"]
[PlyCount "80"]
[EventDate "2012.10.14"]
[EventType "team-tourn"]
[EventRounds "11"]
[EventCountry "CZE"]
[SourceTitle "EXT 2015"]
[Source "ChessBase"]
[SourceDate "2014.11.20"]
[SourceVersion "1"]
[SourceVersionDate "2014.11.20"]
[SourceQuality "1"]
[WhiteTeam "Kutna Hora"]
[BlackTeam "Pankrac II"]
[WhiteTeamCountry "CZE"]
[BlackTeamCountry "CZE"]

1. e4 c5 2. Nf3 d6 3. g3 Nf6 4. d3 Nc6 5. Bg2 g6 6. 0-0 Bg7 7. c3 0-0 8. h3 e5 9. Be3 Qe7 10. c4 h6 11. Nc3 Nd4 12. Nh2 Be6 13. Qd2 Kh7 14. f4 exf4 15. gxf4 Qd7 16. Bxd4 cxd4 17. Nb5 a6 18. Nxd4 Bxh3 19. Bxh3 Qxh3 20. Rf3 Qh5 21. Kg2 Qc5 22. Ne2 Rfe8 23. Rh1 b5 24. b3 bxc4 25. bxc4 Rab8 26. f5 Qe5 27. Nc3 Nh5 28. fxg6+ fxg6 29. Nd1 Rf8 30. Rhf1 Rxf3 31. Rxf3 g5 32. Ng4 Nf4+ 33. Kh1 Qd4 34. Nge3 Rb1 35. Nf5 Qa1 36. Rf1 Rb2 37. Qa5 Rxa2 38. Qc7 Qe5 39. Nxg7 Nd5 40. Ne8+ Nxc7 0-1